Kinh tế học T.1 T.1

Gorde:
Xehetasun bibliografikoak
Egile nagusia: Samuelson, Paul A
Formatua: Liburua
Argitaratua: Chính trị quốc gia 1997
Etiketak: Etiketa erantsi
Etiketarik gabe, Izan zaitez lehena erregistro honi etiketa jartzen!
Thư viện lưu trữ: Mạng thư viện Đại học Đà Nẵng
LEADER 00657nam a2200229 a 4500
001 000029244
003 1050
005 20171030145630.0
008 171030s1997
020 |c 100000 
040 |a LTT 
082 0 |a 330.01  |b SA-P 
100 1 |a Samuelson, Paul A 
245 0 0 |a Kinh tế học T.1  |c Paul A. Samuelson, William D. Nordhaus ; Vũ Cương, Đinh Xuân Hà, Nguyễn Xuân Nguyên, Trần Đình Toàn dịch.  |n T.1 
260 |b Chính trị quốc gia  |c 1997 
OWN |a LTT 
999 |a From the UDN01 
TYP |a Monograph 
TYP |a Printed language 
980 |a Mạng thư viện Đại học Đà Nẵng